Statistics unplugged /

Bibliographic Details
Main Author: Caldwell, Sally
Format: Book
Published: USA: Wadsworth/Cengage Learning, 2010.
Edition:Third Edition.
Subjects:
LEADER 00653cam a2200217 7i4500
001 0000014592
005 20151104090000.0
005 ##20151104114800.0
003 ##MY-KlINT
020 # # |a 9780495602187  
039 # 9 |y 201511041148  |z VLOAD 
090 0 0 |a 519.5   |b CAL 
100 1 # |a Caldwell, Sally 
245 1 0 |a Statistics unplugged /   |c Sally Caldwell. 
250 # # |a Third Edition. 
260 # # |a USA:   |b Wadsworth/Cengage Learning,   |c 2010. 
300 # # |a xvii, 347p:   |b ill;   |c 23cm. 
500 # # |a Includes bibliographical references,glossary and index. 
650 # 0 |a Statistics --   |x education  
650 # 0 |a Statistics  
999 |a 1207068744  |b BOOK  |c Main Non-Fiction  |e INTAN BK